000
00337nam a2200145Ia 4500
008
150301s2010 xx 000 0 und d
082
_a
615
_b
C10P
100
_a
PRASAD, P. JAGADISH
245
_a
CONCEPTUAL PHARMACOLOGY
250
_a
1ST
260
_b
UNI.PUB.
_a
HYD
_c
2010
300
_a
692
650
_a
PHARMACOLOGY
942
_2
ddc
_c
BK
999
_c
6725
_d
6725